[Event "USCL Connecticut vs New England"]
[Site "Chess.com"]
[Date "2013.10.29"]
[Round "10"]
[White "Hess, Robert"]
[Black "Ivanov, Alexander"]
[Result "1/2-1/2"]
[WhiteElo "2636"]
[BlackElo "2624"]
[PlyCount "129"]
[EventDate "2013.??.??"]
[EventCountry "USA"]

{Board 1, GM Hess (Connecticut Dreadnoughts) vs. GM Ivanov (New England
Nor'easters)  Time Control: Game in 75 with 30 second increment} 1. e4 e5 2.
Nf3 Nc6 3. Bb5 a6 4. Ba4 Nf6 5. O-O Be7 6. Qe2 d6 7. d4 b5 8. dxe5 Nxe5 9. Nxe5
dxe5 10. Rd1 Bd7 11. Bb3 O-O 12. Bg5 c6 13. Nd2 Qc7 14. h3 Rad8 15. c4 Be6 16.
Rdc1 h6 17. Be3 Qb7 18. cxb5 cxb5 19. Bxe6 fxe6 20. a4 Nxe4 21. Nxe4 Qxe4 22.
axb5 axb5 23. Qxb5 Qd5 24. Qe2 Qd3 25. Qg4 Qf5 26. Ra7 Qxg4 27. hxg4 Bf6 28. b4
Rb8 29. Rc4 Rfd8 30. g3 Rd3 31. Rac7 Rb3 32. Rc8+ Rxc8 33. Rxc8+ Kf7 34. Rb8
Bg5 35. Bxg5 hxg5 36. Kf1 Rb2 37. f3 Kf6 38. Rb5 Rb3 39. Kf2 Rb2+ 40. Ke3 Rb3+
41. Ke4 Rb1 42. Rb8 Rb3 43. Rb7 Rb1 44. Rb8 Rb3 45. b5 Rb4+ 46. Kd3 e4+ 47.
fxe4 Ke5 48. b6 Rb1 49. Kc2 Rb4 50. Kc3 Rb1 51. Kc2 Rb4 52. Kd3 Rb2 53. Kc4
Kxe4 54. Kc5 Kf3 55. Re8 Kxg4 56. Kc6 Kxg3 57. b7 g4 58. b8=Q+ Rxb8 59. Rxb8
Kf2 60. Rb2+ Kf3 61. Kd6 g3 62. Kxe6 g2 63. Rxg2 Kxg2 64. Kf5 g6+ 65. Kxg6
1/2-1/2

[Event "USCL Connecticut vs New England"]
[Site "Chess.com"]
[Date "2013.10.29"]
[Round "10"]
[White "Winer, Steven"]
[Black "Rohde, Michael"]
[Result "0-1"]
[WhiteElo "2409"]
[BlackElo "2548"]
[PlyCount "88"]
[EventDate "2013.??.??"]
[EventCountry "USA"]

{Board 2, FM Winer (New England Nor'easters) vs. GM Connecticut Dreadnoughts 
Time Control: Game in 75 with 30 second increment} 1. d4 Nf6 2. c4 e6 3. Nc3
Bb4 4. Qc2 c5 5. dxc5 O-O 6. a3 Bxc5 7. Nf3 b6 8. Bf4 Bb7 9. Rd1 a5 10. e3 Qe7
11. Be2 d5 12. Bg5 dxc4 13. e4 h6 14. Bh4 Qc7 15. Bg3 Qc8 16. O-O Nbd7 17. Nd2
Qc6 18. Bxc4 Ba6 19. Bxa6 Rxa6 20. Qd3 Raa8 21. Nf3 Rfd8 22. Nd4 Qb7 23. Ndb5
Be7 24. Nd6 Qc6 25. Qb5 Qxb5 26. Ncxb5 Nc5 27. f3 Nh5 28. e5 Nxg3 29. hxg3 a4
30. Kf2 Ra5 31. f4 f6 32. Nc3 Raa8 33. Nc4 fxe5 34. fxe5 Nb3 35. Kf3 Nd4+ 36.
Kg4 b5 37. Rf4 Bc5 38. Nd6 Nc6 39. Re4 b4 40. axb4 Bxb4 41. Ncb5 Ra5 42. Kh3
Rxb5 43. Nxb5 Rxd1 44. g4 Rd5 0-1

[Event "USCL Connecticut vs New England"]
[Site "Chess.com"]
[Date "2013.10.29"]
[Round "10"]
[White "Bonin, Jay"]
[Black "Brattain, Mika"]
[Result "1/2-1/2"]
[WhiteElo "2436"]
[BlackElo "2364"]
[PlyCount "98"]
[EventDate "2013.??.??"]
[EventCountry "USA"]

{Board 3,  IM Bonin (Connecticut Dreadnoughts) vs. NM Brattain (New England
Nor'easters)  Time Control: Game in 75 with 30 second increment} 1. d4 Nf6 2.
Nf3 g6 3. c4 Bg7 4. Nc3 O-O 5. e4 d6 6. Be2 e5 7. dxe5 dxe5 8. Qxd8 Rxd8 9. Bg5
Re8 10. Nd5 Nxd5 11. cxd5 c6 12. Bc4 cxd5 13. Bxd5 Nd7 14. Nd2 Nc5 15. Ke2 Be6
16. Rhc1 Bxd5 17. exd5 Rec8 18. Be7 Nd7 19. Ne4 Bh6 20. Rxc8+ Rxc8 21. g4 Bf8
22. d6 f6 23. Bxf6 Rc4 24. f3 Kf7 25. Bh4 Ke6 26. Rd1 Rc2+ 27. Rd2 Rxd2+ 28.
Kxd2 h6 29. Bf2 b6 30. Be3 h5 31. gxh5 gxh5 32. Ng3 h4 33. Ne4 Bxd6 34. Nxd6
Kxd6 35. Bg5 h3 36. Ke3 Kd5 37. Kf2 e4 38. fxe4+ Kxe4 39. Kg3 Ne5 40. Kxh3 Kf3
41. Kh4 Ng4 42. h3 Nf2 43. a4 Kg2 44. b4 Nxh3 45. Be3 Kf3 46. Bxb6 axb6 47.
Kxh3 Ke4 48. a5 bxa5 49. bxa5 Kd5 1/2-1/2

[Event "USCL Connecticut vs New England"]
[Site "Chess.com"]
[Date "2013.10.29"]
[Round "10"]
[White "Liu, Andrew"]
[Black "Shi, Jason"]
[Result "1-0"]
[WhiteElo "2296"]
[BlackElo "2173"]
[PlyCount "75"]
[EventDate "2013.??.??"]
[EventCountry "USA"]

{Board 4, NM Liu (New England Nor'easters) vs. Shi (Connecticut Dreadnoughts) 
Time Control: Game in 75 with 30 second increment} 1. d4 d5 2. c4 e6 3. Nc3 c6
4. Nf3 Nf6 5. Bg5 Nbd7 6. e3 Qa5 7. Nd2 Bb4 8. Qc2 e5 9. Bxf6 Nxf6 10. dxe5 Ne4
11. cxd5 Nxc3 12. bxc3 Bxc3 13. Rc1 Bxd2+ 14. Qxd2 Qxd5 15. Qxd5 cxd5 16. Bb5+
Bd7 17. Rc5 Bxb5 18. Rxb5 O-O-O 19. Kd2 Rd7 20. Kd3 Kb8 21. Rc1 a6 22. Rbc5
Rhd8 23. Kd4 Re8 24. R1c2 Red8 25. f4 g6 26. g4 b6 27. Rc6 Kb7 28. f5 Ka7 29.
Rc7+ Kb8 30. Rxd7 Rxd7 31. e6 fxe6 32. fxe6 Rd6 33. Ke5 Rd8 34. e7 Re8 35. Kd6
Kb7 36. Kd7 Ra8 37. Rc7+ Kb8 38. e8=R# 1-0

[Event "USCL Baltimore vs Boston"]
[Site "Chess.com"]
[Date "2013.10.29"]
[Round "10"]
[White "Huschenbeth, Niclas"]
[Black "Zierk, Steven"]
[Result "0-1"]
[WhiteElo "2610"]
[BlackElo "2543"]
[PlyCount "100"]
[EventDate "2013.??.??"]
[EventCountry "USA"]

{Board 1, GM Huschenbeth (Baltimore Kingfishers) vs. IM Zierk (Boston Blitz) 
Time Control: Game in 75 with 30 second increment} 1. e4 c5 2. Nf3 Nc6 3. d4
cxd4 4. Nxd4 Nf6 5. Nc3 e5 6. Ndb5 d6 7. Bg5 a6 8. Na3 b5 9. Nd5 Be7 10. Bxf6
Bxf6 11. c4 b4 12. Nc2 a5 13. Qf3 Bg5 14. h4 Bxh4 15. Rxh4 Qxh4 16. Nc7+ Ke7
17. Nxa8 Bg4 18. Ne3 Bxf3 19. Nf5+ Kf6 20. Nxh4 Bxe4 21. Nb6 Nd4 22. O-O-O g5
23. Nf3 Bxf3 24. gxf3 h5 25. Bh3 Kg6 26. Nd5 f5 27. Ne7+ Kf6 28. Nc6 Ne2+ 29.
Kc2 Ke6 30. Bf1 Nf4 31. c5 d5 32. Nxa5 h4 33. a3 h3 34. axb4 h2 35. Bg2 Nxg2
36. Rh1 Ne1+ 37. Rxe1 h1=Q 38. Rxh1 Rxh1 39. b5 Rh2 40. b6 Rxf2+ 41. Kb3 Rh2
42. c6 Rh8 43. c7 Kd7 44. Kb4 g4 45. fxg4 fxg4 46. Kc5 g3 47. Nc6 g2 48. Nxe5+
Kc8 49. Nf3 d4 50. Kxd4 Rf8 0-1

[Event "USCL Baltimore vs Boston"]
[Site "Chess.com"]
[Date "2013.10.29"]
[Round "10"]
[White "Defibaugh, Jared"]
[Black "Martirosov, Vadim"]
[Result "0-1"]
[WhiteElo "2297"]
[BlackElo "2349"]
[PlyCount "84"]
[EventDate "2013.??.??"]
[EventCountry "USA"]

{Board 3, NM Defibaugh (Baltimore Kingfishers) vs. NM Martirosov (Boston Blitz)
Time Control: Game in 75 with 30 second increment} 1. e4 e5 2. f4 d5 3. exd5 e4
4. Bc4 Nf6 5. d3 Bc5 6. d4 Bb6 7. Bb5+ c6 8. dxc6 bxc6 9. Bc4 Qxd4 10. Qxd4
Bxd4 11. Ne2 Bb6 12. b3 O-O 13. Nbc3 Ba6 14. Bxa6 Nxa6 15. Ba3 Rfe8 16. O-O-O
Nc7 17. Nd4 Ncd5 18. Nxd5 cxd5 19. Nf5 d4 20. Bb2 Nd5 21. Bxd4 Nxf4 22. Bxg7 e3
23. Rd7 e2 24. Bc3 Re6 25. Nd4 Re3 26. Bd2 Re4 27. Nf3 Nxg2 28. Rd3 Rae8 29.
Ne1 Nxe1 30. Rg3+ Kf8 31. Bxe1 Rf4 32. Kb2 Rf1 33. Bb4+ Re7 34. Rg2 e1=Q 35.
Bxe1 Rexe1 36. Rxf1 Rxf1 37. b4 Rf2 38. Rxf2 Bxf2 39. c4 f5 40. Kc3 Be1+ 41.
Kd4 Bxb4 42. Ke5 f4 0-1

[Event "USCL Baltimore vs Boston"]
[Site "Chess.com"]
[Date "2013.10.29"]
[Round "10"]
[White "Shmelov, Denys"]
[Black "Enkhbat, Tegshsuren"]
[Result "1-0"]
[WhiteElo "2465"]
[BlackElo "2492"]
[PlyCount "81"]
[EventDate "2013.??.??"]
[EventCountry "USA"]

{Board 2, SM Shmelov (Boston Blitz) vs. IM Enkhbat (Baltimore Kingfishers) 
Time Control: Game in 75 with 30 second increment} 1. d4 d5 2. c4 c6 3. Nf3 Nf6
4. Nc3 a6 5. c5 Bf5 6. Bf4 Nbd7 7. e3 Nh5 8. Bg5 h6 9. Bh4 g5 10. Nd2 Nhf6 11.
Bg3 Bg7 12. Be2 b6 13. cxb6 Qxb6 14. Na4 Qa5 15. a3 Ne4 16. b4 Qd8 17. Nxe4
Bxe4 18. O-O O-O 19. Rc1 f5 20. f3 f4 21. Bf2 Bh7 22. Rxc6 a5 23. b5 Rc8 24.
Qb3 Nf6 25. Rfc1 Rb8 26. e4 g4 27. e5 g3 28. hxg3 Nh5 29. gxf4 Nxf4 30. Bf1 e6
31. Qe3 Qg5 32. g3 Qg6 33. Nc5 Rf7 34. Bg2 Bf8 35. b6 Bxc5 36. R1xc5 Nxg2 37.
Kxg2 Kg7 38. Rxa5 Rbb7 39. Rb5 Qh5 40. g4 Qg6 41. Bh4 1-0

[Event "USCL Baltimore vs Boston"]
[Site "Chess.com"]
[Date "2013.10.29"]
[Round "10"]
[White "Mosiyenko, Daniil"]
[Black "Chang, Jeffrey"]
[Result "0-1"]
[WhiteElo "2181"]
[BlackElo "2116"]
[PlyCount "122"]
[EventDate "2013.??.??"]
[EventCountry "USA"]

{Board 4, NM Mosiyenko (Boston Blitz) vs. Chang (Baltimore Kingfishers)  Time
Control: Game in 75 with 30 second increment} 1. e4 c5 2. Nf3 d6 3. d4 cxd4 4.
Nxd4 Nf6 5. Nc3 a6 6. Bg5 e6 7. f4 Be7 8. Qf3 Qc7 9. O-O-O Nbd7 10. g4 b5 11.
Bxf6 Nxf6 12. g5 Nd7 13. f5 O-O 14. fxe6 fxe6 15. Nxe6 Rxf3 16. Nxc7 Bxg5+ 17.
Kb1 Rb8 18. Ne8 Nf6 19. Nxd6 Bf4 20. Nxc8 Rxc8 21. Bd3 Re8 22. a3 Rh3 23. Nd5
Be5 24. Rdf1 Ng4 25. Rf5 Nxh2 26. Nb4 g6 27. Rg5 Bf4 28. Rg2 Re6 29. a4 Kg7 30.
Nd5 Bb8 31. axb5 axb5 32. Re2 Rh4 33. Bxb5 Rexe4 34. Rxe4 Rxe4 35. Bd3 Rd4 36.
Ne3 Kf6 37. Rg1 Rd7 38. b4 g5 39. b5 h5 40. Rg2 g4 41. Rf2+ Nf3 42. Be2 Kg5 43.
Bxf3 Rf7 44. Rf1 Rxf3 45. Rxf3 gxf3 46. c4 Ba7 47. Nf1 Kf4 48. Kc2 f2 49. Kd3
Kf3 50. Nd2+ Kg2 51. Ke4 h4 52. Kd5 Be3 53. c5 Bxd2 54. c6 Bf4 55. b6 f1=Q 56.
c7 Bxc7 57. bxc7 Qc1 58. Kd6 h3 59. Kd7 h2 60. c8=Q Qxc8+ 61. Kxc8 h1=Q 0-1

[Event "USCL Dallas vs Miami"]
[Site "Chess.com"]
[Date "2013.10.31"]
[Round "10"]
[White "Holt, Conrad"]
[Black "Becerra, Julio"]
[Result "0-1"]
[WhiteElo "2639"]
[BlackElo "2619"]
[PlyCount "192"]
[EventDate "2013.??.??"]
[EventCountry "USA"]

{Board 1, GM Holt (Dallas Destiny) vs. GM Becerra (Miami Sharks)  Time Control:
Game in 75 with 30 second increment} 1. d4 Nf6 2. c4 g6 3. Nc3 Bg7 4. e4 d6 5.
Nf3 O-O 6. h3 e5 7. d5 Na6 8. Bg5 c6 9. Be2 h6 10. Be3 Nh5 11. Nd2 Nf4 12. Bf1
f5 13. g3 Ne6 14. exf5 Nd4 15. f6 Qxf6 16. Bg2 g5 17. O-O Qg6 18. g4 Bd7 19.
Nde4 Nc7 20. Ng3 c5 21. Qb1 Qxb1 22. Raxb1 a5 23. Nge4 Ne8 24. a4 Rf7 25. Kh2
Bf8 26. Kg3 Be7 27. Rh1 Nf6 28. Nxf6+ Bxf6 29. Be4 Raf8 30. b3 Be7 31. Kg2 Kg7
32. Rhf1 b6 33. f3 Rh8 34. Rb2 Rff8 35. Nd1 h5 36. Nf2 Be8 37. Nh1 h4 38. Nf2
Bd7 39. Nd3 Bf6 40. Nc1 Rf7 41. Kf2 Rhf8 42. Ke1 Be7 43. Rbf2 Kh6 44. Kd2 Rf6
45. Kc3 Be8 46. Nd3 Bd8 47. Kb2 Be7 48. Ka2 Bd8 49. Nb2 Be7 50. Nd1 Bd8 51. Nc3
Be7 52. Kb2 R6f7 53. Nb1 Rf6 54. Nd2 R6f7 55. Bd3 Rg7 56. Kc3 Rgf7 57. Bb1 Bf6
58. Be4 Be7 59. Kd3 Bd7 60. Ra1 Bd8 61. Rff1 Be7 62. Rae1 Bd8 63. Kc3 Bf6 64.
Kb2 Bd8 65. Rf2 Be7 66. Bxd4 cxd4 67. Kc2 Ra8 68. Kd3 Kg7 69. Ra1 Rff8 70. Rff1
Ra7 71. Rfb1 Rfa8 72. Bf5 Be8 73. Ne4 Kf8 74. Kd2 Ra6 75. Ra2 Kg7 76. Kd3 Kf8
77. Rab2 Rb8 78. Kd2 Kg7 79. Kd3 Kf8 80. Nf2 Bd8 81. Ke4 Ra7 82. Nd3 Rba8 83.
Nf2 Ra6 84. Kd3 Rb8 85. Ra2 Rba8 86. Rbb2 Be7 87. Ne4 Kg7 88. Ra3 Kf8 89. Kd2
Kg7 90. b4 axb4 91. Rxb4 Bxa4 92. Bc8 Ra5 93. Bb7 Be8 94. Rab3 Ra2+ 95. Kd3
R8a3 96. Rxb6 Bd8 0-1

[Event "USCL Dallas vs Miami"]
[Site "Chess.com"]
[Date "2013.10.31"]
[Round "10"]
[White "Gonzalez, Renier"]
[Black "Xiong, Jeffery"]
[Result "0-1"]
[WhiteElo "2510"]
[BlackElo "2485"]
[PlyCount "118"]
[EventDate "2013.??.??"]
[EventCountry "USA"]

{Board 2, GM Gonzalez (Miami Sharks) vs. FM Xiong (Dallas Destiny)  Time
Control: Game in 75 with 30 second increment} 1. e4 c5 2. Nc3 a6 3. a4 Nc6 4.
g3 g6 5. Bg2 Bg7 6. d3 e6 7. Be3 Nd4 8. f4 Ne7 9. Nh3 d6 10. Nf2 Rb8 11. O-O
O-O 12. Nb1 b5 13. c3 Ndc6 14. axb5 axb5 15. Nd2 Bb7 16. Nf3 Qd7 17. Re1 f5 18.
d4 fxe4 19. Nxe4 c4 20. Bf2 Ra8 21. Qe2 Rxa1 22. Rxa1 Ra8 23. Rxa8+ Bxa8 24.
Neg5 Nd8 25. Nd2 Bxg2 26. Kxg2 Qc6+ 27. Kg1 Qd5 28. Ngf3 Ndc6 29. Qe4 h6 30.
Qxd5 Nxd5 31. Ne4 Bf8 32. Kf1 Nb6 33. Be3 Na5 34. Ke2 Kf7 35. Kd1 Nd5 36. Bf2
Be7 37. Be1 Ke8 38. Bd2 Kd7 39. g4 Nb3 40. f5 exf5 41. gxf5 gxf5 42. Ng3 Nxd2
43. Kxd2 Ke6 44. Ke2 Bg5 45. Kd1 Ne3+ 46. Ke2 Ng4 47. h3 Nf6 48. Kd1 Ne4 49.
Nxe4 fxe4 50. Ne1 Kf5 51. Ng2 h5 52. Kc2 e3 53. Kd1 e2+ 54. Kxe2 Ke4 55. Kd1
Kf3 56. h4 Bf6 57. Ne1+ Kf2 58. Nc2 Bxh4 59. Na3 Be7 0-1

[Event "USCL Dallas vs Miami"]
[Site "Chess.com"]
[Date "2013.10.31"]
[Round "10"]
[White "Getz, Alec"]
[Black "Rodriguez, Eric"]
[Result "0-1"]
[WhiteElo "2433"]
[BlackElo "2348"]
[PlyCount "70"]
[EventDate "2013.??.??"]
[EventCountry "USA"]

{Board 3, FM Getz (Dallas Destiny) vs. FM Rodriguez (Miami Sharks)  Time
Control: Game in 75 with 30 second increment} 1. e4 e5 2. Nf3 Nc6 3. Bb5 a6 4.
Bxc6 dxc6 5. O-O f6 6. d4 exd4 7. Nxd4 c5 8. Nb3 Qxd1 9. Rxd1 Bg4 10. f3 Be6
11. Bf4 c4 12. Nd4 O-O-O 13. Nc3 Bf7 14. Nd5 Bc5 15. Bxc7 Rxd5 16. exd5 Kxc7
17. Kf1 Bxd5 18. Nb3 Kd6 19. Na5 Ne7 20. Nxb7+ Kc6 21. Nxc5 Kxc5 22. Rd2 Rb8
23. b3 Bc6 24. Kf2 Nd5 25. Re1 c3 26. Rdd1 Kb4 27. a4 a5 28. Ra1 f5 29. g3 Bb7
30. h4 g6 31. Re5 Rd8 32. h5 Rd7 33. h6 Nc7 34. Rae1 Rd2+ 35. R1e2 Ba6 0-1

[Event "USCL Dallas vs Miami"]
[Site "Chess.com"]
[Date "2013.10.31"]
[Round "10"]
[White "Yanovsky, Vlad"]
[Black "Vaidya, Atulya"]
[Result "1-0"]
[WhiteElo "2130"]
[BlackElo "2208"]
[PlyCount "87"]
[EventDate "2013.??.??"]
[EventCountry "USA"]

{Board 4, Yanovsky (Miami Sharks) vs. NM Vaidya (Dallas Destiny)  Time Control:
Game in 75 with 30 second increment} 1. d4 Nf6 2. Nf3 g6 3. c4 Bg7 4. g3 d6 5.
Bg2 O-O 6. O-O Nbd7 7. Nc3 e5 8. e4 h6 9. h3 Ne8 10. Be3 f5 11. exf5 gxf5 12.
dxe5 dxe5 13. Qd2 Qf6 14. Rad1 c6 15. b4 e4 16. Nd4 Nd6 17. c5 Nc4 18. Qe2 Nde5
19. Kh1 Nxe3 20. fxe3 Qg6 21. Kh2 h5 22. a3 Nd3 23. Qa2+ Kh8 24. Nce2 Be5 25.
Bxe4 Rg8 26. Bxd3 Bxg3+ 27. Kh1 Qg5 28. Nxf5 Bxf5 29. Rxf5 Qh4 30. Qb2+ Rg7 31.
Nxg3 Qxh3+ 32. Qh2 Qg4 33. Qxh5+ Qxh5+ 34. Rxh5+ Kg8 35. Bc4+ Kf8 36. Rh8+ Ke7
37. Nf5+ Kf6 38. Rxa8 Kxf5 39. Re8 Rh7+ 40. Kg2 Rg7+ 41. Kf3 b5 42. e4+ Kf6 43.
Re6+ Kf7 44. Rd7+ 1-0

[Event "USCL Carolina vs St. Louis"]
[Site "Chess.com"]
[Date "2013.10.31"]
[Round "10"]
[White "Finegold, Ben"]
[Black "Garcia, Diego"]
[Result "1-0"]
[WhiteElo "2561"]
[BlackElo "2264"]
[PlyCount "97"]
[EventDate "2013.??.??"]
[EventCountry "USA"]

{Board 2, GM Finegold (St. Louis Arch Bishops) vs. NM Garcia (Carolina Cobras)
Time Control: Game in 75 with 30 second increment  Due to a lineup change, on
Board Three Carolina will begin with 87 minutes while St. Louis will begin
with 63} 1. d4 Nf6 2. Nf3 g6 3. Bg5 Bg7 4. c3 O-O 5. Nbd2 d5 6. e3 b6 7. Bd3
Bb7 8. O-O c5 9. a4 Nc6 10. Qe2 Re8 11. dxc5 bxc5 12. e4 dxe4 13. Nxe4 Nxe4 14.
Bxe4 Qb6 15. Qb5 Na5 16. Rfe1 Rab8 17. Bxb7 Qc7 18. Rad1 Nxb7 19. Rd7 Qc8 20.
Rdxe7 Rxe7 21. Rxe7 Nd6 22. Qd3 Nf5 23. Rd7 Qc6 24. Rxa7 h6 25. Bc1 Bf6 26. Ra6
Rb6 27. Rxb6 Qxb6 28. Nd2 Qc6 29. a5 Bg5 30. Qf1 Bxd2 31. Bxd2 c4 32. f3 Qc5+
33. Qf2 Qxa5 34. g4 Ne7 35. Bxh6 Nc6 36. Bf4 Qd5 37. Kg2 f5 38. h3 Kf7 39. Qb6
Kf6 40. g5+ Kf7 41. h4 Ne7 42. Qf6+ Ke8 43. Bd6 Qd2+ 44. Kh3 Nd5 45. Qxg6+ Kd7
46. Be5 Ne3 47. Qf7+ Kc6 48. Qc7+ Kb5 49. Qb7+ 1-0

[Event "USCL Carolina vs St. Louis"]
[Site "Chess.com"]
[Date "2013.10.31"]
[Round "10"]
[White "Schroer, Jonathan"]
[Black "Bykhovsky, Anatoly"]
[Result "0-1"]
[WhiteElo "2432"]
[BlackElo "2625"]
[PlyCount "96"]
[EventDate "2013.??.??"]
[EventCountry "USA"]

{Board 1, IM Schroer (Carolina Cobras) vs. GM Bykhovsky (St. Louis Arch
Bishops)  Time Control: Game in 75 with 30 second increment  Due to a lineup
change, on Board Three Carolina will begin with 87 minutes while St. Louis
will begin with 63} 1. Nf3 Nf6 2. c4 c5 3. Nc3 Nc6 4. d4 cxd4 5. Nxd4 e6 6.
Ndb5 d6 7. Bf4 e5 8. Bg5 a6 9. Bxf6 gxf6 10. Na3 f5 11. e4 fxe4 12. Nxe4 Qa5+
13. Nc3 Be6 14. Nc2 Rd8 15. a3 Bg7 16. Be2 O-O 17. O-O f5 18. Ne3 Nd4 19. Ned5
Rd7 20. Bh5 Kh8 21. a4 Qd8 22. a5 Qg5 23. Kh1 Qh6 24. Ra3 e4 25. g3 Be5 26. Ne2
Bxd5 27. Nxd4 Bxc4 28. Be2 Bxe2 29. Nxe2 d5 30. Nd4 f4 31. Qd2 Rdf7 32. Ne2 d4
33. Nxf4 d3 34. Rg1 Bxf4 35. gxf4 Qxf4 36. Qxf4 Rxf4 37. Ra4 Rd8 38. b3 Rxf2
39. Rxe4 Re2 40. Reg4 d2 41. Rd1 Rg8 42. Rf4 Re1+ 43. Rf1 Rxf1+ 44. Rxf1 Re8
45. Kg2 Re1 46. Rf8+ Kg7 47. Rd8 d1=Q 48. Rxd1 Rxd1 0-1

[Event "USCL Carolina vs St. Louis"]
[Site "Chess.com"]
[Date "2013.10.31"]
[Round "10"]
[White "Wilkins, Jacob"]
[Black "Jones, Craig"]
[Result "0-1"]
[WhiteElo "1909"]
[BlackElo "2251"]
[PlyCount "118"]
[EventDate "2013.??.??"]
[EventCountry "USA"]

{Board 4, Wilkins (St. Louis Arch Bishops) vs. NM Jones (Carolina Cobras) 
Time Control: Game in 75 with 30 second increment  Due to a lineup change, on
Board Three Carolina will begin with 87 minutes while St. Louis will begin
with 63} 1. d4 Nf6 2. Nf3 e6 3. Bg5 h6 4. Bxf6 Qxf6 5. e3 g6 6. Nbd2 Bg7 7. Be2
O-O 8. O-O d6 9. c3 Nd7 10. Re1 e5 11. dxe5 dxe5 12. e4 Re8 13. Nc4 Nf8 14. Ne3
h5 15. Nd5 Qd8 16. Ne3 Bd7 17. Qc2 Bh6 18. Bf1 Bg4 19. Rad1 Qc8 20. Nxg4 hxg4
21. Nd2 Ne6 22. Nc4 Nf4 23. Ne3 c6 24. Be2 Nxe2+ 25. Qxe2 Bxe3 26. Qxe3 Qe6 27.
b3 b6 28. Rd2 Qf6 29. Red1 Re6 30. Rd7 Kg7 31. Qg3 Qf4 32. Qxf4 exf4 33. f3 g3
34. h3 a5 35. Rb7 c5 36. Rdd7 Rf8 37. c4 Kf6 38. a4 Ke5 39. Rd5+ Kf6 40. Kf1 g5
41. Rdd7 Kg6 42. Rd5 f5 43. e5 Rf7 44. Rb8 Rfe7 45. Rd6 Kf7 46. Rd5 Rxe5 47.
Rxe5 Rxe5 48. Rxb6 Re3 49. Rb5 Kg6 50. Rxc5 Rxb3 51. Rxa5 Rb1+ 52. Ke2 Rg1 53.
c5 Rxg2+ 54. Kf1 Rf2+ 55. Kg1 Rxf3 56. Rb5 Rc3 57. a5 f3 58. Rb1 Rxc5 59. Ra1
Rc2 0-1

[Event "USCL Carolina vs St. Louis"]
[Site "Chess.com"]
[Date "2013.10.31"]
[Round "10"]
[White "Cunningham, Robin"]
[Black "Garnier, Joseph"]
[Result "1/2-1/2"]
[WhiteElo "2225"]
[BlackElo "2017"]
[PlyCount "116"]
[EventDate "2013.??.??"]
[EventCountry "USA"]

{Board 3, FM Cunningham (Carolina Cobras) vs. Garnier (St. Louis Arch Bishops)
Time Control: Game in 75 with 30 second increment  Due to a lineup change, on
Board Three Carolina will begin with 87 minutes while St. Louis will begin
with 63} 1. e4 g6 2. d4 c5 3. c3 cxd4 4. cxd4 Bg7 5. Nf3 d5 6. exd5 Nf6 7. Bb5+
Bd7 8. Bc4 Qc7 9. Bb3 Bb5 10. Nc3 Ba6 11. Ne5 O-O 12. Nd3 Nbd7 13. O-O Bxd3 14.
Qxd3 Nb6 15. Qf3 Qd7 16. Bg5 Rfd8 17. Rfe1 Nbxd5 18. Nxd5 Nxd5 19. Bxe7 Nxe7
20. Qxf7+ Kh8 21. Rxe7 Qxd4 22. Re2 Qd7 23. g3 Qxf7 24. Bxf7 Bf6 25. Rc1 Rac8
26. Rxc8 Rxc8 27. Kg2 Kg7 28. Bd5 b6 29. b3 Rc5 30. Bc4 Re5 31. Rd2 Re7 32. f4
h5 33. Kf3 Bc3 34. Rd3 Bb4 35. h3 Bc5 36. g4 hxg4+ 37. hxg4 a5 38. Bd5 Re1 39.
Be4 Rf1+ 40. Kg3 Rg1+ 41. Kf3 Rf1+ 42. Kg3 Rg1+ 43. Bg2 Re1 44. Rd7+ Re7 45.
Rd2 Bb4 46. Rc2 Bc5 47. g5 Re3+ 48. Kg4 Rd3 49. Re2 Rd4 50. Re6 Rd6 51. Re7+
Kf8 52. Re2 Rd4 53. Be4 Kf7 54. f5 gxf5+ 55. Kxf5 Rd1 56. Kg4 Rg1+ 57. Kh5 Kg7
58. Rd2 Rxg5+ 1/2-1/2

[Event "USCL San Francisco vs Seattle"]
[Site "Chess.com"]
[Date "2013.10.31"]
[Round "10"]
[White "Kraai, Jesse"]
[Black "Cozianu, Costin"]
[Result "1-0"]
[WhiteElo "2567"]
[BlackElo "2478"]
[PlyCount "79"]
[EventDate "2013.??.??"]
[EventCountry "USA"]

{Board 1, GM Kraai (San Francisco Mechanics) vs. FM Cozianu (Seattle Sluggers)
Time Control: Game in 75 with 30 second increment} 1. Nf3 g6 2. e4 c5 3. c4 Bg7
4. d4 cxd4 5. Nxd4 Nc6 6. Be3 Nf6 7. Nc3 Ng4 8. Qxg4 Nxd4 9. Qd1 Ne6 10. Rc1 b6
11. Be2 Bb7 12. f3 Qb8 13. Qd2 Qe5 14. O-O g5 15. Rfd1 Rd8 16. Nb5 g4 17. f4
Qxe4 18. Bd3 Qc6 19. Nxa7 Qc7 20. Nb5 Qc6 21. b4 h5 22. f5 Nc7 23. Nc3 Bxc3 24.
Rxc3 h4 25. Bd4 f6 26. b5 Qd6 27. Qe3 h3 28. g3 Ra8 29. Rd2 Bf3 30. Be4 Bxe4
31. Qxe4 Qb4 32. Bxf6 Rf8 33. Be5 d5 34. Qxg4 Rxa2 35. Qg6+ Rf7 36. Qc6+ Kf8
37. Qh6+ Ke8 38. Rxa2 Qb1+ 39. Qc1 Qxa2 40. Rc2 1-0

[Event "USCL San Francisco vs Seattle"]
[Site "Chess.com"]
[Date "2013.10.31"]
[Round "10"]
[White "Panchanatham, Vignesh"]
[Black "Feng, Roland"]
[Result "1-0"]
[WhiteElo "2238"]
[BlackElo "2268"]
[PlyCount "117"]
[EventDate "2013.??.??"]
[EventCountry "USA"]

{Board 3, NM Panchanatham (San Francisco Mechanics) vs. NM Feng (Seattle
Sluggers)  Time Control: Game in 75 with 30 second increment} 1. e4 e6 2. d4 d5
3. Nd2 Nf6 4. e5 Nfd7 5. Bd3 c5 6. c3 Nc6 7. Ndf3 Qb6 8. Ne2 cxd4 9. cxd4 f6
10. exf6 Nxf6 11. O-O Bd6 12. Bf4 Bxf4 13. Nxf4 O-O 14. Rb1 Bd7 15. b4 Nxd4 16.
Nxd4 e5 17. Nxd5 Qxd4 18. Bc4 Kh8 19. Qxd4 exd4 20. Rfd1 Nxd5 21. Bxd5 Bf5 22.
Rbc1 d3 23. Bxb7 Rad8 24. Rd2 Rfe8 25. f3 h6 26. Kf2 Rd6 27. Rc6 Rd4 28. a3
Red8 29. Rc5 Bh7 30. Rc3 g5 31. Be4 Bxe4 32. fxe4 Rxe4 33. Rdxd3 Rxd3 34. Rxd3
Re7 35. Kf3 Kg7 36. Kg4 Re4+ 37. Kf5 Rf4+ 38. Ke6 Kg6 39. g3 Rf2 40. h4 g4 41.
Ke5 Rf3 42. Ke4 Rf6 43. b5 Rb6 44. a4 Re6+ 45. Kf4 h5 46. Rc3 Rf6+ 47. Ke4 Re6+
48. Kd4 Re1 49. a5 Rd1+ 50. Kc4 Kf5 51. b6 axb6 52. axb6 Ke6 53. b7 Rd8 54. Rb3
Rb8 55. Kc5 Kd7 56. Kb6 Rf8 57. Ka7 Kc7 58. b8=Q+ Rxb8 59. Rxb8 1-0